00744cam a22002291 4500001001300000003000400013005001700017008004100034010001700075035001900092040003000111042001200141050001700153100002100170245008800191260004000279300004000319500003900359504006500398600003400463999001700497he 66001568 DLC20260227111441.0820628s1966 nyuabc b 000 0 yid  ahe 66001568  a(OCoLC)8557494 aDLCcFHCdFHCdOCoLCdDLC apremarc00aBS580.A3bG71 aGrushkin, Hyman.13aDi ṿelt fun Avrohom;barkealagie, geshikhṭe, legende.c[Fun] Ḥaym Grushḳin. aNew York,bShulsinger,c5726, 1966. a320 p.billus., map, ports.c24 cm. aAdded t. p.: The world of Abraham. a"Arkealagishe oyfḳlerungen un bibliografie": p. [297]-320.00aAbrahamc(Biblical patriarch) c31931d31931